Entités issues du chaos - Statistiques

Statistiques générales
  • Ce quiz a été pris 6 fois
  • Le résultat moyen est 3 sur 5
Statistiques - réponses
Nom Entité % Correct
La Terre Gaïa
100%
La Nuit Nyx
75%
L'Amour Eros
50%
L'Abysse Tartare
50%
L'Obscurité Erebe
25%
Aucun quiz correspondant
Distribution des résultats
% des personnes avec chaque résultat
Percentile par nombre de réponses
Votre historique - résultats
Vous n’avez pas pris ce quiz